| 000 -ლიდერი |
| ფიქსირებული სიგრძის საკონტროლო ველი |
01402nam a2200253Ia 4500 |
| 001 - საკონტროლო ნომერი |
| საკონტროლო ველი |
18091 |
| 003 - საკონტროლო ნომრის იდენტიფიკატორი |
| საკონტროლო ველი |
GE_BSU |
| 005 - ბოლო ოპერაციის თარიღი და დრო |
| საკონტროლო ველი |
20200625225619.0 |
| 008 - ფიქსირებული სიგრძის მონაცემთა ელემენტები - ზოგადი ინფორმაცია |
| ფიქსირებული სიგრძის საკონტროლო ველი |
181216s2006||||ge |||||||||||||| ||geo|| |
| 040 ## - კატალოგიზაციის წყარო |
| Transcribing agency |
GE_BSU |
| 041 ## - ენის კოდი |
| Language code of text/sound track or separate title |
geo |
| 080 ## - უნივერსალური ათობითი კლასიფიკაციის ინდექსი |
| Universal Decimal Classification number |
811.353.1 ბ-53 |
| 100 ## - მთავარი ჩანაწერი - პიროვნების სახელი |
| Personal name |
ბერიძე, ეთერ |
| 9 (RLIN) |
5671 |
| 245 ## - ცნობა სათაურის შესახებ |
| Title |
სამხრეთ-დასვლეთ საქართველოს ონომასტიკა XIX საუკუნის მეორე ნახევრის ქართველ და უცხოელ მკვლევართა შრომებში / |
| Statement of responsibility, etc |
ეთერ ბერიძე ; რედ. მ. ქამადაძე. |
| 264 ## - წარმოების, გამოცემის, დისტრიბუციის და სხვა ცნობები |
| გამოცემის, წარმოების, დისტრიბუციის... ადგილი |
ბათუმი : |
| გამოცემის, წარმოების, დისტრიბუციის... სახელწოდება |
მარეთი-93, |
| გამოცემის, წარმოების, დისტრიბუციის... თარიღი |
2006. |
| 300 ## - ფიზიკური აღწერა |
| Extent |
192 გვ. ; |
| Dimensions |
22 სმ. |
| 504 ## - BIBLIOGRAPHY, ETC. NOTE |
| Bibliography, etc |
ბიბლიოგრაფია გვ. 180-188 |
| 520 ## - SUMMARY, ETC. |
| Summary, etc |
რეზიუმე რუსულ ენაზე |
| 653 ## - INDEX TERM--UNCONTROLLED |
| Uncontrolled term |
სამხრეთ-დასვლეთ საქართველოს ონომასტიკა XIX საუკუნის მეორე ნახევრის ქართველ და უცხოელ მკვლევართა შრომებში |
| 653 ## - INDEX TERM--UNCONTROLLED |
| Uncontrolled term |
შრომები |
| 700 ## - ADDED ENTRY--PERSONAL NAME |
| Personal name |
ქამადაძე, მ. |
| Relator term |
რედაქტორი |
| 9 (RLIN) |
8831 |
| 942 ## - ADDED ENTRY ELEMENTS (KOHA) |
| Koha item type |
წიგნი |
| Source of classification or shelving scheme |
|